00482nam a2200169Ia 4500003000400000008004100004040000800045100003000053245003500083260001000118260002300128260000900151300001000160942000700170952011800177999001700295RNL090707b ii f a fnsan d aRCL aThapar, Prithvi Raj94891 aSanchar, Tacneek te Multimedia aDelhi bManpreet Prakashan c2012 a238p. cBK 00102ddc40708PunaRNLbRNLcGENd2018-10-02g475.00l1p51139r2026-01-30s2025-10-07v475.00w2018-10-02yBK c23696d23696